000
00289nam a2200121Ia 4500
008
190216s9999||||xx |||||||||||||| ||und||
100
_a
Publishers
245
0
_a
Gadyamangeri
260
_b
Calicut University Publications
_c
1986
300
_a
53p
650
_a
Essay Malayalam
942
_c
BK
999
_c
26298
_d
26298